Văn hóa dân gian truyền thống của tộc người K'ho

Αποθηκεύτηκε σε:
Λεπτομέρειες βιβλιογραφικής εγγραφής
Κύριος συγγραφέας: Linh Nga Niêkdam
Μορφή: Άγνωστο
Γλώσσα:Vietnamese
Έκδοση: Thanh niên 2011
Θέματα:
Ετικέτες: Προσθήκη ετικέτας
Δεν υπάρχουν, Καταχωρήστε ετικέτα πρώτοι!
Thư viện lưu trữ: Mạng thư viện Đại học Đà Nẵng
LEADER 00897na a2200265 4500
001 000031412
003 6092
005 20151001093452.0
008 151001s2011 000 vie
020 |a 9786046400202 
082 |a 398.9  |b LI-N 
100 |a Linh Nga Niêkdam 
245 |a Văn hóa dân gian truyền thống của tộc người K'ho  |c Linh Nga Niêkdam 
260 |a Thanh niên  |c 2011 
300 |a 411tr. : mh ; 21cm 
650 |a Văn hóa, K'ho 
OWN |a LNN 
AVA |a UDN50  |b LNN  |d 398.9 LI-N  |e available  |t Error 5001 Not defined in file expand_doc_bib_avail.  |f 1  |g 0  |h N  |i 0  |k 1 
999 |a From the UDN01 
AVA |a UDN50  |b LNN  |d 398.9 LI-N  |e available  |t Error 5001 Not defined in file expand_doc_bib_avail.  |f 1  |g 0  |h N  |i 0  |k 1 
TYP |a Printed language 
980 |a Mạng thư viện Đại học Đà Nẵng